| 000 | 00732nam a2200205Ii 4500 | ||
|---|---|---|---|
| 003 | JO-AjNU | ||
| 008 | 230605s9999||||xx |||||||||||||| ||und|| | ||
| 017 | _a1502 | ||
| 040 |
_aJO-AjNU _bara _erda _cJO-AjNU |
||
| 041 | _aara | ||
| 050 | 1 | 4 | _aQ335.B6612 1988 |
| 100 | 3 |
_aالعنكبي، عدنان؛ ترجمة حميد جاسم, _eauthor _937510 |
|
| 245 | 0 | 0 | _aالذكاء الاصطناعي الطموح والاداء-البونيه |
| 264 | 3 | 1 | _aالعراق:وازارة التعليم العالي والبحث العلمي ، 1988 |
| 300 | _a292ص | ||
| 336 |
_atext _btxt _2rdacontent |
||
| 337 |
_aunmediated _bn _2rdamedia |
||
| 338 |
_avolume _bnc _2rdacarrier |
||
| 650 | 4 |
_aالذكاء الاصطناعي _937511 |
|
| 999 |
_aA15679 _c19247 _d19247 |
||